000
00303nam a22001337a 4500
008
170130b xxu||||| |||| 00| 0 eng d
020
_a
9781416056270
041
_a
eng
080
_2
7TH
_a
61
100
_a
3
101
_a
SHMI
245
_a
BUILDING A MEDICAL VOCABULARY
_c
LEONARD, P.C
942
_2
udc
_c
BK
999
_c
4031
_d
4031